[Event "Pardubice Czech op-E 31st"]
[Site "Pardubice"]
[Date "2020.09.19"]
[Round "4.4"]
[White "Kosut, Tomas"]
[Black "Cieslak, Leszek"]
[Result "1/2-1/2"]
[WhiteElo "1849"]
[BlackElo "1833"]
[PlyCount "40"]
[EventDate "2020.09.17"]
[EventType "team-swiss"]
[EventRounds "7"]
[EventCountry "CZE"]
[SourceTitle "CBM 198 Extra"]
[Source "ChessBase"]
[SourceDate "2020.11.30"]
[SourceVersion "1"]
[SourceVersionDate "2020.11.30"]
[SourceQuality "1"]
[WhiteTeam "Walkuv Protigambit"]
[BlackTeam "Trebic Caissa"]
[WhiteTeamCountry "CZE"]
[BlackTeamCountry "CZE"]

1. e4 c5 2. Nf3 d6 3. d4 cxd4 4. Nxd4 Nf6 5. Nc3 g6 6. Be3 Bg7 7. f3 0-0 8. Qd2 Nc6 9. 0-0-0 d5 10. Nxc6 bxc6 11. Bh6 Qa5 12. Bxg7 Kxg7 13. e5 Nd7 14. Qg5 f6 15. exf6+ exf6 16. Qf4 Ne5 17. Qa4 Qb6 18. h4 Rb8 19. b3 Bd7 20. Qd4 Qa5 1/2-1/2

[Event "Trebic Highlands op 10th"]
[Site "Trebic"]
[Date "2014.05.19"]
[Round "4"]
[White "Karban, Vlastimil"]
[Black "Cieslak, Leszek"]
[Result "1/2-1/2"]
[WhiteElo "2119"]
[BlackElo "2007"]
[PlyCount "38"]
[EventDate "2014.05.17"]
[EventType "swiss"]
[EventRounds "9"]
[EventCountry "CZE"]
[SourceTitle "CBM 160 Extra"]
[Source "ChessBase"]
[SourceDate "2014.07.01"]
[SourceVersion "1"]
[SourceVersionDate "2014.07.01"]
[SourceQuality "1"]

1. e4 e6 2. d3 d5 3. Nd2 c5 4. Ngf3 Nc6 5. g3 g6 6. Bg2 Bg7 7. 0-0 Nge7 8. Re1 Qc7 9. c3 d4 10. Qc2 e5 11. a3 h6 12. cxd4 cxd4 13. b4 a6 14. Bb2 0-0 15. Rec1 Be6 16. Nb3 Qd8 17. Nc5 Bc8 18. Qd1 b6 19. Nb3 Be6 1/2-1/2

[Event "Trebic Highlands op 09th"]
[Site "Trebic"]
[Date "2013.09.25"]
[Round "6"]
[White "Kratochvil, Vit"]
[Black "Cieslak, Leszek"]
[Result "1-0"]
[WhiteElo "2019"]
[BlackElo "1993"]
[PlyCount "59"]
[EventDate "2013.09.21"]
[EventType "swiss"]
[EventRounds "9"]
[EventCountry "CZE"]
[SourceTitle "CBM 156 Extra"]
[Source "ChessBase"]
[SourceDate "2013.10.22"]
[SourceVersion "1"]
[SourceVersionDate "2013.10.22"]
[SourceQuality "1"]

1. e4 e6 2. d3 d5 3. Nd2 c5 4. Ngf3 Nc6 5. g3 g6 6. Bg2 Bg7 7. 0-0 Nge7 8. Re1 b6 9. a3 a5 10. h4 h6 11. Qe2 Ra7 12. Nf1 Ba6 13. e5 Qc7 14. Bf4 b5 15. N1h2 Nf5 16. Ng4 Qd8 17. Qd2 Kd7 18. Qc3 Qb6 19. Nf6+ Kc8 20. Qd2 Qd8 21. Rad1 Nxe5 22. Nxe5 Qxf6 23. Qxa5 Kb7 24. Nd7 Qd8 25. Nxc5+ Kc8 26. Qb4 Qb6 27. d4 Bf8 28. Qc3 Bxc5 29. dxc5 Qc6 30. Qxh8+ 1-0

[Event "Nachod op 11th"]
[Site "Nachod"]
[Date "2013.07.04"]
[Round "6"]
[White "Cieslak, Leszek"]
[Black "Horak, Martin"]
[Result "0-1"]
[WhiteElo "1995"]
[BlackElo "1804"]
[PlyCount "74"]
[EventDate "2013.06.29"]
[EventType "swiss"]
[EventRounds "9"]
[EventCountry "CZE"]
[SourceTitle "CBM 155 Extra"]
[Source "ChessBase"]
[SourceDate "2013.08.26"]
[SourceVersion "1"]
[SourceVersionDate "2013.08.26"]
[SourceQuality "1"]

1. Nf3 Nf6 2. g3 b6 3. Bg2 Bb7 4. d3 e6 5. 0-0 Be7 6. e4 d6 7. Nbd2 0-0 8. c3 Nbd7 9. Re1 c5 10. a4 Rc8 11. Qe2 Qc7 12. Nf1 c4 13. Bf4 cxd3 14. Qxd3 Nc5 15. Qe2 Ncxe4 16. Rad1 Rfd8 17. h4 Qc4 18. Qc2 Bc6 19. Rd4 Qa6 20. Bg5 e5 21. Rdxe4 Bxe4 22. Rxe4 Nxe4 23. Bxe7 Re8 24. Qxe4 Rxe7 25. Ng5 g6 26. Ne3 Qe2 27. Nd5 Qxe4 28. Nxe7+ Kf8 29. Nxg6+ Qxg6 30. Be4 Qg7 31. Bxh7 Ke7 32. Bc2 Rc4 33. Bb3 Rxh4 34. gxh4 f6 35. Bc2 fxg5 36. hxg5 Qxg5+ 37. Kh2 Qd2 0-1

[Event "Nachod op 11th"]
[Site "Nachod"]
[Date "2013.06.30"]
[Round "2"]
[White "Cieslak, Leszek"]
[Black "Strebkovs, Andrejs"]
[Result "0-1"]
[WhiteElo "1995"]
[BlackElo "2312"]
[PlyCount "42"]
[EventDate "2013.06.29"]
[EventType "swiss"]
[EventRounds "9"]
[EventCountry "CZE"]
[SourceTitle "CBM 155 Extra"]
[Source "ChessBase"]
[SourceDate "2013.08.26"]
[SourceVersion "1"]
[SourceVersionDate "2013.08.26"]
[SourceQuality "1"]

1. d4 g6 2. Nf3 d6 3. Bf4 Bg7 4. e3 Nf6 5. h3 0-0 6. Be2 c5 7. c3 Be6 8. Nbd2 Nc6 9. 0-0 Qb6 10. Qc2 Rac8 11. dxc5 Qxc5 12. Qa4 Nd5 13. Bg3 Bxc3 14. Qh4 Bf6 15. Ng5 Bxg5 16. Qxg5 Nc3 17. Qxc5 Nxe2+ 18. Kh2 dxc5 19. Bh4 Rfd8 20. Nf3 f6 21. Rfe1 g5 0-1

[Event "Tabor op"]
[Site "Tabor"]
[Date "2012.08.02"]
[Round "6"]
[White "Cieslak, Leszek"]
[Black "Mojzis, Jaroslav"]
[Result "0-1"]
[WhiteElo "1978"]
[BlackElo "2188"]
[PlyCount "82"]
[EventDate "2012.07.29"]
[EventType "swiss"]
[EventRounds "9"]
[EventCountry "CZE"]
[SourceTitle "EXT 2013"]
[Source "ChessBase"]
[SourceDate "2012.11.22"]
[SourceVersion "1"]
[SourceVersionDate "2012.11.22"]
[SourceQuality "1"]

1. Nf3 Nf6 2. d4 c5 3. c3 Qc7 4. e3 b6 5. Bd3 Bb7 6. 0-0 e6 7. Nbd2 Be7 8. e4 cxd4 9. cxd4 Ba6 10. Nb1 Bxd3 11. Qxd3 Nc6 12. Nc3 0-0 13. Bg5 h6 14. Bh4 Ne8 15. Bxe7 Nxe7 16. Rac1 Qb7 17. d5 exd5 18. exd5 Nf6 19. Rfd1 Rac8 20. h3 a6 21. Nh4 d6 22. Rc2 b5 23. Rcd2 Rfe8 24. a3 Rc5 25. Ne4 Nxe4 26. Qxe4 Rc4 27. Rd4 Rxd4 28. Qxd4 Rc8 29. Qd3 g6 30. Qd4 Rc4 31. Qf6 Nxd5 32. Qxd6 Nf4 33. Qf6 Rc1 34. Rxc1 Ne2+ 35. Kh1 Nxc1 36. Qd8+ Kh7 37. Qd4 Qc7 38. Nf3 Ne2 39. Qd2 Nf4 40. Kg1 Qc4 41. Nd4 Qxd4 0-1

[Event "Tabor op"]
[Site "Tabor"]
[Date "2012.08.01"]
[Round "5"]
[White "Borkovec, Milan"]
[Black "Cieslak, Leszek"]
[Result "0-1"]
[WhiteElo "2152"]
[BlackElo "1978"]
[PlyCount "74"]
[EventDate "2012.07.29"]
[EventType "swiss"]
[EventRounds "9"]
[EventCountry "CZE"]
[SourceTitle "EXT 2013"]
[Source "ChessBase"]
[SourceDate "2012.11.22"]
[SourceVersion "1"]
[SourceVersionDate "2012.11.22"]
[SourceQuality "1"]

1. e4 c5 2. Nf3 d6 3. d4 cxd4 4. Nxd4 Nf6 5. Nc3 g6 6. Be3 Bg7 7. Bc4 0-0 8. f3 Nc6 9. Qd2 Bd7 10. 0-0-0 Ne5 11. Bb3 Qa5 12. Bh6 Rfc8 13. Bxg7 Kxg7 14. h4 h5 15. g4 Rc5 16. gxh5 Nxh5 17. Rhg1 Rac8 18. f4 Nc4 19. Bxc4 Rxc4 20. Rg5 Qb4 21. a3 Qb6 22. Nd5 Qd8 23. Rxh5 gxh5 24. f5 Ba4 25. Qg5+ Kf8 26. Ne6+ fxe6 27. Qh6+ Ke8 28. Qxh5+ Kd7 29. fxe6+ Kc6 30. Nb4+ Kb6 31. Nd5+ Ka6 32. Nb4+ Rxb4 33. axb4 Bxc2 34. Rd2 Bxe4+ 35. Kd1 Qc7 36. b3 Qc1+ 37. Ke2 b6 0-1

[Event "CZE-chT2D 1112"]
[Site "Czech Republic"]
[Date "2012.01.08"]
[Round "5"]
[White "Pulpan, Jakub"]
[Black "Cieslak, Leszek"]
[Result "1-0"]
[WhiteElo "1988"]
[BlackElo "1985"]
[PlyCount "131"]
[EventDate "2011.10.09"]
[EventType "team-tourn"]
[EventRounds "11"]
[EventCountry "CZE"]
[SourceTitle "EXT 2013"]
[Source "ChessBase"]
[SourceDate "2012.11.22"]
[SourceVersion "1"]
[SourceVersionDate "2012.11.22"]
[SourceQuality "1"]
[WhiteTeam "Polabiny III"]
[BlackTeam "Trebic Caissa II"]
[WhiteTeamCountry "CZE"]
[BlackTeamCountry "CZE"]

1. e4 c5 2. Nf3 d6 3. d4 cxd4 4. Nxd4 Nf6 5. Nc3 g6 6. Be3 Bg7 7. f3 0-0 8. Qd2 Nc6 9. Bc4 Bd7 10. 0-0-0 Ne5 11. Bb3 Qa5 12. Kb1 Rfc8 13. Nde2 Nc4 14. Bxc4 Rxc4 15. Bd4 Be6 16. Nd5 Qxd2 17. Nxf6+ Bxf6 18. Rxd2 Bxd4 19. Rxd4 Rac8 20. c3 b5 21. Nf4 a5 22. Rhd1 b4 23. Nxe6 fxe6 24. cxb4 axb4 25. Rxc4 Rxc4 26. b3 Rc5 27. Rd4 Rb5 28. Kb2 Kf7 29. a3 bxa3+ 30. Kxa3 Kf6 31. Ka4 Rb8 32. b4 Ke5 33. Rd2 d5 34. b5 Kd6 35. Kb4 Ra8 36. f4 Ra1 37. Rc2 dxe4 38. Rd2+ Kc7 39. Kc5 Rc1+ 40. Kd4 Rb1 41. Ke5 e3 42. Re2 Kd7 43. Rxe3 Rxb5+ 44. Ke4 Kd6 45. Rd3+ Rd5 46. Rh3 Rd2 47. g4 e5 48. fxe5+ Ke6 49. Rxh7 Re2+ 50. Kf4 g5+ 51. Kxg5 Rxe5+ 52. Kg6 Re2 53. Rh3 Ke5 54. g5 Kf4 55. Rh4+ Ke5 56. Rh7 Kf4 57. Rh4+ Ke5 58. Kf7 e6 59. g6 Rf2+ 60. Ke7 Rg2 61. Rh5+ Kf4 62. Kf6 e5 63. Rf5+ Ke4 64. Rxe5+ Kf4 65. Rf5+ Ke4 66. Rg5 1-0

[Event "CZE-chT2D 1112"]
[Site "Czech Republic"]
[Date "2011.11.20"]
[Round "3"]
[White "Cieslak, Leszek"]
[Black "Kosek, Jiri"]
[Result "1/2-1/2"]
[WhiteElo "1985"]
[BlackElo "2130"]
[PlyCount "44"]
[EventDate "2011.10.09"]
[EventType "team-tourn"]
[EventRounds "11"]
[EventCountry "CZE"]
[SourceTitle "EXT 2013"]
[Source "ChessBase"]
[SourceDate "2012.11.22"]
[SourceVersion "1"]
[SourceVersionDate "2012.11.22"]
[SourceQuality "1"]
[WhiteTeam "Trebic Caissa II"]
[BlackTeam "Vysoke Myto"]
[WhiteTeamCountry "CZE"]
[BlackTeamCountry "CZE"]

1. d4 d5 2. Nf3 Nf6 3. Bf4 e6 4. e3 c5 5. c3 Nc6 6. Nbd2 Be7 7. Bd3 h6 8. Ne5 Nd7 9. Ndf3 0-0 10. 0-0 Ndxe5 11. Nxe5 Nxe5 12. Bxe5 Bd6 13. Bxd6 Qxd6 14. f4 Qe7 15. Qh5 Bd7 16. Rae1 f5 17. h3 b6 18. Qf3 Rf7 19. Rf2 Bc6 20. Ref1 Rc8 21. Qe2 Rcf8 22. a3 Rb8 1/2-1/2

[Event "Tabor op"]
[Site "Tabor"]
[Date "2011.08.05"]
[Round "7"]
[White "Cieslak, Leszek"]
[Black "Ilandzis, Spyridon"]
[Result "0-1"]
[WhiteElo "1973"]
[BlackElo "2135"]
[PlyCount "38"]
[EventDate "2011.07.31"]
[EventType "swiss"]
[EventRounds "9"]
[EventCountry "CZE"]
[SourceTitle "CBM 143 Extra"]
[Source "ChessBase"]
[SourceDate "2011.08.29"]
[SourceVersion "1"]
[SourceVersionDate "2011.08.29"]
[SourceQuality "1"]

1. d4 Nf6 2. Nf3 c5 3. c3 e6 4. Bf4 Qb6 5. Na3 Qxb2 6. Qc1 Qxc1+ 7. Rxc1 Nd5 8. Bg3 cxd4 9. Nb5 dxc3 10. e4 a6 11. Nd6+ Bxd6 12. Bxd6 Nf6 13. Rxc3 Nc6 14. Bd3 b5 15. 0-0 Bb7 16. Rfc1 Rc8 17. Nd4 Kd8 18. a4 Nxd4 19. Rxc8+ Bxc8 0-1

[Event "Tabor op"]
[Site "Tabor"]
[Date "2011.08.02"]
[Round "4"]
[White "Cieslak, Leszek"]
[Black "Lacina, Adolf"]
[Result "0-1"]
[WhiteElo "1973"]
[BlackElo "2227"]
[PlyCount "44"]
[EventDate "2011.07.31"]
[EventType "swiss"]
[EventRounds "9"]
[EventCountry "CZE"]
[SourceTitle "CBM 143 Extra"]
[Source "ChessBase"]
[SourceDate "2011.08.29"]
[SourceVersion "1"]
[SourceVersionDate "2011.08.29"]
[SourceQuality "1"]

1. d4 Nf6 2. Nf3 c5 3. c3 e6 4. Bf4 Nc6 5. e3 Nh5 6. Bg5 Qb6 7. Na3 h6 8. Nc4 Qc7 9. Bh4 d5 10. Nfe5 Nf6 11. Nxc6 bxc6 12. Ne5 Rb8 13. Rb1 Bd6 14. Nf3 Ne4 15. Bd3 f5 16. Bxe4 fxe4 17. Ne5 0-0 18. Bg3 Ba6 19. Qg4 Rf5 20. h4 cxd4 21. exd4 c5 22. Qd1 cxd4 0-1

[Event "CZE-chT2D 1011"]
[Site "Czech Republic"]
[Date "2011.03.06"]
[Round "9"]
[White "Pokorny, Zdenek"]
[Black "Cieslak, Leszek"]
[Result "1-0"]
[WhiteElo "2286"]
[BlackElo "1970"]
[PlyCount "107"]
[EventDate "2010.10.17"]
[EventType "team-tourn"]
[EventRounds "11"]
[EventCountry "CZE"]
[SourceTitle "EXT 2012"]
[Source "ChessBase"]
[SourceDate "2011.11.24"]
[SourceVersion "1"]
[SourceVersionDate "2011.11.24"]
[SourceQuality "1"]
[WhiteTeam "Chrudim"]
[BlackTeam "Trebic Caissa II"]
[WhiteTeamCountry "CZE"]
[BlackTeamCountry "CZE"]

1. e4 c5 2. c3 d5 3. exd5 Qxd5 4. d4 Nf6 5. Nf3 Bg4 6. Be2 e6 7. Na3 Be7 8. Be3 cxd4 9. Nb5 Qd8 10. Qxd4 Nc6 11. Qxd8+ Kxd8 12. h3 Bh5 13. g4 Bg6 14. 0-0-0+ Kc8 15. Nh4 Nd5 16. Nxg6 hxg6 17. Bd2 a6 18. Na3 Bxa3 19. bxa3 g5 20. Bf3 Nf4 21. Kc2 Ne5 22. Be4 Kc7 23. h4 Nxg4 24. hxg5 Nh3 25. Rb1 Rab8 26. f3 Ngf2 27. Rh2 Nxe4 28. fxe4 Rh5 29. Rf1 Rf8 30. e5 Kd7 31. Rf3 Rfh8 32. Rxf7+ Kc6 33. Rxg7 Nf4 34. Rf2 Nd5 35. c4 Nb6 36. Rff7 Rc8 37. Kb3 Rh3+ 38. Bc3 Nxc4 39. Kxc4 Kb6+ 40. Kb4 a5+ 41. Ka4 Rhxc3 42. Rxb7+ Ka6 43. Ra7+ Kb6 44. Rgb7+ Kc6 45. Rb3 Rc4+ 46. Kxa5 Kd5 47. Rb5+ Ke4 48. g6 Kf5 49. g7 Kg6 50. Rab7 Ra8+ 51. Kb6 Rac8 52. Rb4 R4c6+ 53. Ka7 Kh7 54. Rh4+ 1-0

[Event "CZE-chT2D 1011"]
[Site "Czech Republic"]
[Date "2011.02.06"]
[Round "7"]
[White "Mojzis, Martin"]
[Black "Cieslak, Leszek"]
[Result "1-0"]
[WhiteElo "2020"]
[BlackElo "1970"]
[PlyCount "81"]
[EventDate "2010.10.17"]
[EventType "team-tourn"]
[EventRounds "11"]
[EventCountry "CZE"]
[SourceTitle "EXT 2012"]
[Source "ChessBase"]
[SourceDate "2011.11.24"]
[SourceVersion "1"]
[SourceVersionDate "2011.11.24"]
[SourceQuality "1"]
[WhiteTeam "Bedrichov"]
[BlackTeam "Trebic Caissa II"]
[WhiteTeamCountry "CZE"]
[BlackTeamCountry "CZE"]

1. e4 c5 2. d4 cxd4 3. c3 d3 4. Bxd3 Nc6 5. Nf3 g6 6. 0-0 Bg7 7. Nbd2 Nf6 8. Re1 d6 9. Bc2 0-0 10. Nc4 b5 11. Ne3 Nd7 12. Nd5 Nb6 13. Bg5 Re8 14. a3 Bb7 15. Qd3 a6 16. b3 Rc8 17. Rac1 Nd7 18. Bd1 Qa5 19. a4 bxa4 20. b4 Qd8 21. Bxa4 Nb6 22. Bb3 Ne5 23. Nxe5 Bxe5 24. c4 Nxd5 25. exd5 Qd7 26. c5 Qg4 27. Bd2 Qh5 28. g3 Rc7 29. f4 Bf6 30. c6 Bc8 31. Be3 Bf5 32. Qxa6 Be4 33. Qe2 Bf3 34. Qd2 Qh3 35. b5 e6 36. b6 exd5 37. Bxd5 Bxd5 38. Qxd5 Rce7 39. Bf2 Re2 40. Rxe2 Rxe2 41. c7 1-0

[Event "CZE-chT2D 1011"]
[Site "Czech Republic"]
[Date "2010.11.21"]
[Round "3"]
[White "Poslusny, Martin"]
[Black "Cieslak, Leszek"]
[Result "0-1"]
[WhiteElo "1998"]
[BlackElo "1970"]
[PlyCount "106"]
[EventDate "2010.10.17"]
[EventType "team-tourn"]
[EventRounds "11"]
[EventCountry "CZE"]
[SourceTitle "EXT 2012"]
[Source "ChessBase"]
[SourceDate "2011.11.24"]
[SourceVersion "1"]
[SourceVersionDate "2011.11.24"]
[SourceQuality "1"]
[WhiteTeam "Usti nad Orlici"]
[BlackTeam "Trebic Caissa II"]
[WhiteTeamCountry "CZE"]
[BlackTeamCountry "CZE"]

1. d4 Nf6 2. c4 g6 3. Nc3 Bg7 4. e4 d6 5. Nf3 0-0 6. Be2 e5 7. dxe5 dxe5 8. Qxd8 Rxd8 9. Bg5 Re8 10. Nd5 Nxd5 11. cxd5 c6 12. d6 f6 13. Be3 Bf8 14. 0-0-0 Be6 15. b3 Rd8 16. Bc5 b6 17. Ba3 c5 18. Bb2 Bxd6 19. Nxe5 fxe5 20. Bxe5 Be7 21. Rxd8+ Bxd8 22. Rd1 Nc6 23. Bg3 Nd4 24. Ba6 Be7 25. Bc7 Rf8 26. f3 Bg5+ 27. Kb2 Bf4 28. Bxf4 Rxf4 29. Kc3 Rf7 30. Rb1 Rc7 31. Bd3 Kf7 32. f4 Kf6 33. e5+ Ke7 34. g3 Bf5 35. Bxf5 Nxf5 36. g4 Nd4 37. Kd3 Rd7 38. Kc4 Ke6 39. Rf1 Rf7 40. b4 Ne2 41. bxc5 bxc5 42. f5+ gxf5 43. Rf2 Nd4 44. Kxc5 Kxe5 45. gxf5 Nxf5 46. Kb4 Ke4 47. Ka5 h5 48. Rb2 Kf3 49. Ka6 h4 50. a4 h3 51. a5 Ne3 52. Rb7 Rxb7 53. Kxb7 a6 0-1